000 00364nam a2200157Ia 4500
003 OSt
005 20240110155629.0
008 170524s9999 xx 000 0 und d
020 _a9788126506941
040 _ciimt university meerut
100 _aChary.S.N.
100 _c2010
245 0 _aELEMENTSOF INTERNATIONAL BUSINESS
260 _aWILEY
942 _2ddc
_c02
999 _c2571
_d2571